000
00331nam a22001457a 4500
003
OSt
005
20160727222359.0
008
160623b xxu||||| |||| 00| 0 eng d
040
_c
TEST
100
_9
628
_a
Little, J
245
_a
Different Dragons
260
_a
Can
_b
Penguin
_c
1986
300
_a
Different Dragons
942
_2
ddc
_c
BK
999
_c
511
_d
511